[Event "IECG CP.2002.F.00002 email"]
[Site "IECG email"]
[Date "2006.07.09"]
[Round "?"]
[White "Daus, Peter"]
[Black "Pascutto, Gian Carlo"]
[Result "1/2-1/2"]
[WhiteElo "2343"]
[BlackElo "1414"]
[PlyCount "80"]
[EventDate "2006.07.09"]
[EventType "tourn (corr)"]
[EventRounds "6"]
[SourceTitle "Corr 2011"]
[Source "ChessBase"]
[SourceDate "2010.08.31"]
[SourceVersion "1"]
[SourceVersionDate "2010.08.31"]
[SourceQuality "1"]

1. d4 d5 2. Nf3 Nf6 3. e3 g6 4. b3 Bg7 5. Bb2 0-0 6. Be2 c5 7. 0-0 cxd4 8. exd4 Nc6 9. c4 dxc4 10. bxc4 Qb6 11. Qc1 Ne4 12. Nbd2 Bxd4 13. Bxd4 Nxd4 14. Nxd4 Qxd4 15. Nxe4 Qxe4 16. Bf3 Qe5 17. Re1 Qc7 18. Rb1 Re8 19. c5 Rb8 20. Qa3 Bf5 21. Rbc1 a5 22. c6 bxc6 23. Rxc6 Qa7 24. Qc5 Rb7 25. Qc3 Reb8 26. g4 Rb2 27. Qc5 Qxc5 28. Rxc5 Be6 29. Rxa5 Rd8 30. Re2 Rxe2 31. Bxe2 Rd2 32. Kf1 Bxa2 33. Ke1 Rb2 34. g5 h6 35. gxh6 Kh7 36. Ra7 e5 37. Ra4 Kxh6 38. f4 exf4 39. Rxf4 Kg5 40. Ra4 Be6 1/2-1/2

[Event "IECG CP.2002.S.00008 email"]
[Site "IECG email"]
[Date "2005.04.01"]
[Round "?"]
[White "Kocandrle, Jaroslav"]
[Black "Pascutto, Gian Carlo"]
[Result "0-1"]
[WhiteElo "2143"]
[BlackElo "1302"]
[PlyCount "84"]
[EventDate "2005.04.01"]
[EventType "tourn (corr)"]
[EventRounds "6"]
[SourceTitle "Corr 2008"]
[Source "ChessBase"]
[SourceDate "2008.06.24"]
[SourceVersion "1"]
[SourceVersionDate "2008.06.24"]
[SourceQuality "1"]

1. d4 d5 2. c4 dxc4 3. Nf3 Nf6 4. e3 e6 5. Nbd2 b5 6. a4 c6 7. axb5 cxb5 8. b3 c3 9. Bxb5+ Bd7 10. Bxd7+ Nbxd7 11. Nc4 Bb4 12. Qc2 0-0 13. e4 a5 14. Bf4 Qc8 15. 0-0 Qc6 16. Rfe1 a4 17. Nfe5 Nxe5 18. Nxe5 Qxe4 19. Rxe4 axb3 20. Qb1 Nxe4 21. Rxa8 Rxa8 22. h3 Nd2 23. Bxd2 b2 24. Qe4 Bf8 25. Be1 Rb8 26. Nxf7 Rb6 27. Ne5 b1Q 28. Qf3 Rb8 29. Qf7+ Kh8 30. Qxe6 h6 31. Kh2 c2 32. Bd2 c1Q 33. Bxc1 Qxc1 34. Ng6+ Kh7 35. Qe4 Bd6+ 36. f4 Qb1 37. Nf8+ Kg8 38. Qe6+ Kxf8 39. Qxd6+ Kg8 40. h4 Re8 41. Qd5+ Kh7 42. Qf3 Qe4 0-1

[Event "IECG CP.2002.S.00008 email"]
[Site "IECG email"]
[Date "2005.04.01"]
[Round "?"]
[White "Pascutto, Gian Carlo"]
[Black "Oestergaard, Allan"]
[Result "1-0"]
[WhiteElo "1302"]
[BlackElo "2154"]
[PlyCount "95"]
[EventDate "2005.04.01"]
[EventType "tourn (corr)"]
[EventRounds "6"]
[SourceTitle "Corr 2008"]
[Source "ChessBase"]
[SourceDate "2008.06.24"]
[SourceVersion "1"]
[SourceVersionDate "2008.06.24"]
[SourceQuality "1"]

1. e4 e5 2. Nf3 Nf6 3. Nxe5 d6 4. Nf3 Nxe4 5. d4 d5 6. Bd3 Bd6 7. 0-0 0-0 8. c4 Bg4 9. cxd5 f5 10. Nc3 Nd7 11. h3 Bh5 12. Nxe4 fxe4 13. Bxe4 Nf6 14. Bf5 Kh8 15. g4 Bf7 16. Be6 Nxd5 17. Ng5 Bxe6 18. Nxe6 Qe7 19. Nxf8 Rxf8 20. f4 Qh4 21. Qf3 c6 22. Bd2 Qf6 23. Qe4 Bxf4 24. Bxf4 Nxf4 25. Rf3 g5 26. Qe5 Kg8 27. Qxf6 Rxf6 28. Re1 Rf7 29. Re8+ Kg7 30. Ra8 Re7 31. Rxa7 Ne2+ 32. Kf2 Nxd4 33. Re3 Rf7+ 34. Kg3 Kf6 35. Ra8 h5 36. Rd8 h4+ 37. Kg2 Ne6 38. Rd6 Re7 39. Kf1 Kf7 40. Re5 Nf4 41. Rxg5 Re3 42. Rf5+ Ke7 43. Rd2 Nd5 44. Re2 Ke6 45. Rxd5 Rxe2 46. Kxe2 Kxd5 47. Kd3 b5 48. a3 1-0

[Event "IECG CP.2002.Q.00020 email"]
[Site "IECG email"]
[Date "2003.10.01"]
[Round "?"]
[White "Pascutto, Gian Carlo"]
[Black "Howard, Paul G"]
[Result "1/2-1/2"]
[WhiteElo "1203"]
[BlackElo "1700"]
[PlyCount "54"]
[EventDate "2003.10.01"]
[EventType "tourn (corr)"]
[EventRounds "10"]
[SourceTitle "Corr 2008"]
[Source "ChessBase"]
[SourceDate "2008.06.24"]
[SourceVersion "1"]
[SourceVersionDate "2008.06.24"]
[SourceQuality "1"]

1. e4 c5 2. Nf3 Nc6 3. d4 cxd4 4. Nxd4 Nf6 5. Nc3 d6 6. Bg5 e6 7. Qd2 a6 8. 0-0-0 h6 9. Be3 Bd7 10. f4 b5 11. Bd3 Be7 12. Kb1 0-0 13. h3 Nxd4 14. Bxd4 Bc6 15. Qe3 b4 16. Ne2 a5 17. Bxf6 Bxf6 18. e5 Be7 19. Nd4 Qb6 20. Rhe1 Rad8 21. Nxc6 Qxc6 22. f5 Bg5 23. Qe2 dxe5 24. fxe6 Qxe6 25. Qxe5 Qb6 26. Rf1 g6 27. Qb5 Qxb5 1/2-1/2

[Event "IECG CP.2002.Q.00020 email"]
[Site "IECG email"]
[Date "2003.10.01"]
[Round "?"]
[White "Pascutto, Gian Carlo"]
[Black "Ingersol, Harry"]
[Result "1/2-1/2"]
[WhiteElo "1203"]
[BlackElo "2350"]
[PlyCount "83"]
[EventDate "2003.10.01"]
[EventType "tourn (corr)"]
[EventRounds "10"]
[SourceTitle "Corr 2008"]
[Source "ChessBase"]
[SourceDate "2008.06.24"]
[SourceVersion "1"]
[SourceVersionDate "2008.06.24"]
[SourceQuality "1"]

1. e4 e5 2. Nf3 Nc6 3. Bb5 a6 4. Ba4 Nf6 5. 0-0 Be7 6. Re1 b5 7. Bb3 0-0 8. c3 d6 9. h3 Bb7 10. d4 Re8 11. Nbd2 Bf8 12. d5 Nb8 13. Nf1 Nbd7 14. Ng3 Nc5 15. Bc2 c6 16. b4 Ncd7 17. dxc6 Bxc6 18. Bb3 h6 19. Nh2 a5 20. a3 Bb7 21. Bb2 Nb6 22. Ng4 a4 23. Ba2 Rc8 24. Qf3 Nc4 25. Nxf6+ Qxf6 26. Qxf6 gxf6 27. Bxc4 Rxc4 28. Rad1 Kh7 29. f3 d5 30. exd5 Kg6 31. Nf1 Rd8 32. Ne3 Rc7 33. g4 Rcd7 34. Rd3 Bxd5 35. Red1 Be6 36. Rxd7 Rxd7 37. Rxd7 Bxd7 38. c4 bxc4 39. Nxc4 Bb5 40. Ne3 Bd7 41. Kf2 Bd6 42. Bc1 1/2-1/2

[Event "IECG CP.2002.Q.00020 email"]
[Site "IECG email"]
[Date "2003.10.01"]
[Round "?"]
[White "Simon, Holger"]
[Black "Pascutto, Gian Carlo"]
[Result "0-1"]
[WhiteElo "2090"]
[BlackElo "1203"]
[PlyCount "74"]
[EventDate "2003.10.01"]
[EventType "tourn (corr)"]
[EventRounds "10"]
[SourceTitle "Corr 2008"]
[Source "ChessBase"]
[SourceDate "2008.06.24"]
[SourceVersion "1"]
[SourceVersionDate "2008.06.24"]
[SourceQuality "1"]

1. d4 d5 2. c4 c6 3. Nf3 Nf6 4. Nc3 dxc4 5. a4 Bf5 6. Ne5 Nbd7 7. Nxc4 Nb6 8. Ne5 a5 9. g3 e6 10. Bg2 Bb4 11. 0-0 0-0 12. e3 h6 13. Qe2 Bh7 14. Rd1 Nfd7 15. e4 Nxe5 16. dxe5 Qe7 17. Be3 Bc5 18. Bf1 Rad8 19. Rd6 Bxe3 20. Qxe3 Nc8 21. Rxd8 Rxd8 22. Rd1 Kf8 23. f4 Rxd1 24. Nxd1 Qb4 25. Nf2 Qxa4 26. Qd3 Ke8 27. b3 Qb4 28. h3 Nb6 29. Kh2 Nd7 30. Bg2 b5 31. h4 a4 32. bxa4 bxa4 33. Qa6 Qb5 34. Qa8+ Ke7 35. h5 c5 36. Ng4 Qb3 37. Qa7 a3 0-1

[Event "IECG CP.2002.P.00005 email"]
[Site "IECG email"]
[Date "2002.10.01"]
[Round "?"]
[White "Mansilla, Raul Oscar"]
[Black "Pascutto, Gian Carlo"]
[Result "0-1"]
[WhiteElo "1918"]
[BlackElo "986"]
[PlyCount "98"]
[EventDate "2002.10.01"]
[EventType "tourn (corr)"]
[EventRounds "6"]
[EventCountry "ARG"]
[SourceTitle "Corr 2008"]
[Source "ChessBase"]
[SourceDate "2008.06.24"]
[SourceVersion "1"]
[SourceVersionDate "2008.06.24"]
[SourceQuality "1"]

1. d4 d5 2. c4 dxc4 3. Qa4+ Nc6 4. e3 e5 5. Nf3 exd4 6. Nxd4 Bd7 7. Nxc6 Bxc6 8. Qxc4 Nf6 9. Nc3 Bd6 10. Bd2 0-0 11. 0-0-0 Qe7 12. f3 Be5 13. e4 Rfd8 14. Be2 Rd4 15. Qb3 a5 16. Be3 a4 17. Qc2 Rxd1+ 18. Rxd1 a3 19. b3 Qb4 20. Bd2 Qb6 21. h4 Qf2 22. g4 Qxh4 23. Kb1 Qf2 24. g5 Nh5 25. Be1 Qg2 26. Nd5 Bxd5 27. Rxd5 Nf4 28. Rxe5 Nxe2 29. Rd5 Qxf3 30. Rd3 Qg4 31. Rd2 Nf4 32. Qxc7 Rf8 33. Rd8 Ne6 34. Rxf8+ Nxf8 35. Bd2 Qxe4+ 36. Qc2 Qxc2+ 37. Kxc2 Nd7 38. Bc1 f6 39. gxf6 Nxf6 40. Kd3 Kf7 41. Ke2 h5 42. Kf3 Ke6 43. Bxa3 g5 44. Bc5 h4 45. b4 Kf5 46. a4 Ne4 47. Bg1 g4+ 48. Kg2 h3+ 49. Kh2 Kf4 0-1

[Event "IECG CP.2002.P.00005 email"]
[Site "IECG email"]
[Date "2002.10.01"]
[Round "?"]
[White "Pascutto, Gian Carlo"]
[Black "Simoni, William"]
[Result "1-0"]
[WhiteElo "986"]
[BlackElo "915"]
[PlyCount "51"]
[EventDate "2002.10.01"]
[EventType "tourn (corr)"]
[EventRounds "6"]
[EventCountry "ARG"]
[SourceTitle "Corr 2008"]
[Source "ChessBase"]
[SourceDate "2008.06.24"]
[SourceVersion "1"]
[SourceVersionDate "2008.06.24"]
[SourceQuality "1"]

1. e4 e5 2. Nf3 Nc6 3. Nc3 Nf6 4. Nxe5 Nxe5 5. d4 Nc6 6. d5 Ne7 7. e5 Nfxd5 8. Nxd5 c6 9. Ne3 Qa5+ 10. Bd2 Qxe5 11. Bc3 Qe6 12. Be2 d5 13. 0-0 Qh6 14. Re1 Be6 15. Qd4 Nc8 16. Bd3 Bd6 17. Ng4 Bxh2+ 18. Kf1 Be5 19. Qxe5 Qh1+ 20. Ke2 Qxg2 21. Ne3 Qh3 22. Qxg7 Qh5+ 23. Kd2 Rf8 24. Ng4 Qxg4 25. Qxg4 Ne7 26. Rxe6 1-0